LEADER 03948nam 2200685Ia 450 001 9910973142603321 005 20251117060314.0 010 $a1-315-57876-X 010 $a1-317-14605-0 010 $a1-317-14604-2 010 $a1-282-24291-1 010 $a9786612242915 010 $a0-7546-7621-8 035 $a(CKB)1000000000754851 035 $a(EBL)438393 035 $a(OCoLC)647792948 035 $a(SSID)ssj0000294667 035 $a(PQKBManifestationID)11227321 035 $a(PQKBTitleCode)TC0000294667 035 $a(PQKBWorkID)10312112 035 $a(PQKB)10776668 035 $a(Au-PeEL)EBL438393 035 $a(CaPaEBR)ebr10303020 035 $a(CaONFJC)MIL919176 035 $a(MiAaPQ)EBC438393 035 $a(MiAaPQ)EBC5293359 035 $a(FINmELB)ELB161154 035 $a(EXLCZ)991000000000754851 100 $a20090123d2009 uy 0 101 0 $aeng 135 $aur|n|---||||| 181 $ctxt 182 $cc 183 $acr 200 00$aEcotourism and environmental sustainability $eprinciples and practice /$fedited by Jennifer Hill and Tim Gale 205 $a1st ed. 210 $aFarnham, England ;$aBurlington, VT $cAshgate$dc2009 215 $a1 online resource (279 p.) 300 $aDescription based upon print version of record. 311 08$a0-7546-7262-X 320 $aIncludes bibliographical references and index. 327 $aCover; Contents; List of Figures; List of Tables; List of Contributors; Preface; PART 1 The Context of Ecotourism and Environmental Sustainability; 1 Ecotourism and Environmental Sustainability: An Introduction; 2 An Introduction to Tourism-Environment Relationships; 3 Thinking Globally about Ecotourism Impact: The Contribution of Ecological Footprint Analysis; PART 2 Thematic Case Studies; 4 A Comparative Study of Tourism Impacts on Alpine Ecosystems in the Sagarmatha (Mt. Everest) National Park, Nepaland the Huascara?n National Park, Peru 327 $a5 Tourism, Local Community and Natural Resources: Tourism Impact Assessment and Tourism Management Analysis in the Jiuzhaigou Biosphere Reserve, China6 Environmental Sustainability and Cruise Tourism in Arctic Canada; 7 Managing Bear-Viewing to Minimize Human Impacts on the Species in Alaska; 8 Pugmarks, Tyre-Tracks and Footprints: The Actual and Potential Roles of Ecotourism in Protecting Wild Tigers in India; 9 Managing Wildlife for People or People for Wildlife? A Case Study of Dingoes and Tourism on Fraser Island, Queensland, Australia 327 $a10 Kohlberg: A Theoretical Framework for Informing Seal-Viewing Behaviour at the Kaikoura Peninsula, New Zealand11 Can the Conservation Attitudes and Behavioural Intentions of Tourists to Tropical Forest be Improved through Biodiversity Interpretation? A Case Study from Australia; 12 Broadening the View of Ecotourism: Botanic Gardens in Less Developed Countries; PART 3 The Future for Ecotourism and Environmental Sustainability; 13 Exploding the Myth of Ecotourism; 14 Conclusion: Lessons Learnt and Ways Forward; Index 330 $aDrawing on a diverse series of international case studies this book offers conceptual and practical insights into the complex interactions between ecotourism and the natural environment. The result is a critical examination of ecotourism and environmental sustainability that highlights ideas for best practice and proposes new directions for future research. 606 $aEcotourism$xEnvironmental aspects 606 $aEcotourism 615 0$aEcotourism$xEnvironmental aspects. 615 0$aEcotourism. 676 $a910.68/4 676 $a910.684 701 $aHill$b Jennifer$g(Jennifer Louise),$f1969-$01883161 701 $aGale$b Tim$01883162 801 0$bMiAaPQ 801 1$bMiAaPQ 801 2$bMiAaPQ 906 $aBOOK 912 $a9910973142603321 996 $aEcotourism and environmental sustainability$94499026 997 $aUNINA LEADER 03204nam 22005293 450 001 9911067912403321 005 20260311080454.0 010 $a1-04-054364-2 010 $a1-003-58453-5 035 $a(CKB)45598702900041 035 $a(MiAaPQ)EBC32606999 035 $a(Au-PeEL)EBL32606999 035 $a(EXLCZ)9945598702900041 100 $a20260311d2026 uy 0 101 0 $aeng 135 $aur||||||||||| 181 $ctxt$2rdacontent 182 $cc$2rdamedia 183 $acr$2rdacarrier 200 10$aPolitical Trust and Distrust in Governance $eA Comparative Analysis in Times of Crisis 205 $a1st ed. 210 1$aOxford :$cTaylor & Francis Group,$d2026. 210 4$dİ2026. 215 $a1 online resource (241 pages) 225 1 $aRoutledge Studies in Political Sociology Series 311 08$a1-03-295369-1 327 $aCover -- Endorsements -- Half Title -- Series Page -- Title Page -- Copyright Page -- Contents -- List of Contributors -- Acknowledgements -- 1. Introduction: Paths and Challenges in the Study of Trust and Distrust in Governance -- PART I: Individual-Level Relations: Citizens and Governance -- 2. The Developmental Shift in Adolescents' Political Institutional (Dis)Trust and the (Un)Trustworthiness Criteria in COVID-19 Institutional Decision-Making: A Mixed-Method Study -- 3. Exploring the Different Faces of Political Trust and Distrust: A Comparative Analysis of Survey Data -- PART II: Collective-Level Relations: Arenas and Contestations -- 4. Building User Trust Through Frontline Work: The Context of Social Welfare Institutions -- 5. Navigating Institutional (Dis)Trust: Perspectives of Democratic Social Movements and Effects on Cooperation with Institutions -- 6. The News Media as an Arena of Trust Contestation During the Pandemic -- PART III: Addressing Trust and Distrust: Policies, Practices, and Deliberations -- 7. European Civil Society Organisations' Trust in the EU Institutions: An Expectation of an Open and Informed Policy Debate -- 8. We Trust Politicians if We Can See Them: Findings from a Cross-Country Experimental Study Through Online Deliberative Polls -- 9. Conclusion: Institutional Frameworks, Relational Dynamics, and Democratic Implications of Trust and Distrust -- Index. 330 $aThis edited volume provides new, nuanced answers to questions concerning the complex nature of political trust and distrust, exploring the role they play within democratic governance and the implications that varying degrees of trust can have on relations between citizens and institutions. 410 0$aRoutledge Studies in Political Sociology Series 606 $aDemocracy 606 $aPolitical alienation 606 $aPolitical participation 606 $aTrust 615 0$aDemocracy 615 0$aPolitical alienation 615 0$aPolitical participation 615 0$aTrust 676 $a323.042 700 $aLahusen$b Christian$0850154 701 $aLahusen$b Christian$0850154 801 0$bMiAaPQ 801 1$bMiAaPQ 801 2$bMiAaPQ 906 $aBOOK 912 $a9911067912403321 996 $aPolitical Trust and Distrust in Governance$94550252 997 $aUNINA